000 00658nam a2200205Ii 4500
003 JO-AjNU
008 230606s9999||||xx |||||||||||||| ||und||
020 _a978-93-80228-42-6
040 _aJO-AjNU
_beng
_erda
_cJO-AjNU
041 _aeng
050 1 4 _aT49.5.2009
100 3 _aDHILLON,
_eauthor
_9325
245 0 0 _aTechnology Management advanced strategies for information technology
264 3 1 _aNewDELHI:Global india publications
300 _a312p
336 _atext
_btxt
_2rdacontent
337 _aunmediated
_bn
_2rdamedia
338 _avolume
_bnc
_2rdacarrier
650 4 _aTechnology Management advanced strategies for information technology
_9326
999 _aE171
_c171
_d171